[Event "4NCL/Div1/GUI1 vs. WGR"]
[Site "Wokefield Park ENG"]
[Date "2008.03.02"]
[Round "8.1"]
[White "Rowson, Jonathan"]
[Black "Turner, Matthew J"]
[Result "1-0"]
[WhiteElo "2580"]
[BlackElo "2484"]
[PlyCount "181"]
[EventDate "2008.03.02"]
[EventCountry "ENG"]
[SourceDate "2007.09.15"]

1. d4 Nf6 2. c4 d6 3. Nc3 e5 4. dxe5 dxe5 5. Qxd8+ Kxd8 6. Nf3 Nbd7 7. Rg1 h6
8. g4 e4 9. g5 exf3 10. gxf6 gxf6 11. Bf4 c6 12. O-O-O Ke8 13. Ne4 Be7 14. Nd6+
Bxd6 15. Bxd6 Ne5 16. exf3 Be6 17. f4 Nf3 18. Rg3 Nh4 19. Ra3 Rg8 20. Rg3 Rg6
21. Bd3 f5 22. Be2 Rd8 23. Rh3 Ng2 24. Bh5 Rg8 25. Rg3 Rxg3 26. hxg3 Bxc4 27.
Bf3 Rxd6 28. Rxd6 Ne1 29. b3 Ba6 30. Be2 Bxe2 31. Kd2 Nd3 32. Kxe2 Nc1+ 33. Kd2
Nxa2 34. Rxh6 Ke7 35. Rh8 a6 36. Rh5 Ke6 37. f3 Nb4 38. Kc3 Nd5+ 39. Kd4 b6 40.
Rh8 c5+ 41. Kc4 Kd6 42. Rd8+ Kc6 43. Rc8+ Kd6 44. Rd8+ Kc6 45. Re8 Kd6 46. Re5
Ne7 47. Kd3 f6 48. Re1 Nc6 49. Re8 Nb4+ 50. Kd2 Nd5 51. Ra8 a5 52. Rd8+ Kc6 53.
Rf8 Kd6 54. g4 Ke6 55. Rb8 Nxf4 56. Rxb6+ Ke5 57. gxf5 Kxf5 58. Rb5 Ne6 59.
Rxa5 Kf4 60. Ra6 Nd4 61. Rxf6+ Ke5 62. Rf8 Nxb3+ 63. Ke3 Nd4 64. f4+ Kd5 65.
Rd8+ Ke6 66. Ke4 Nb5 67. f5+ Kf6 68. Rf8+ Ke7 69. Rb8 Nd6+ 70. Ke5 Nf7+ 71. Kf4
Nd6 72. Ra8 c4 73. Ra7+ Kf6 74. Ra6 Ke7 75. f6+ Kd7 76. Ke5 Nf7+ 77. Kd5 c3 78.
Ra7+ Ke8 79. Rc7 Ng5 80. Rxc3 Kf7 81. Ke5 Ne6 82. Rg3 Nd8 83. Rg7+ Kf8 84. Rd7
Nf7+ 85. Kf5 Ke8 86. Ra7 Nd8 87. Ra8 Kf7 88. Ra7+ Kg8 89. Kg6 Ne6 90. f7+ Kf8
91. Ra8+ 1-0

[Event "4NCL/Div1/GUI1 vs. WGR"]
[Site "Wokefield Park ENG"]
[Date "2008.03.02"]
[Round "8.3"]
[White "Conquest, Stuart C"]
[Black "Tiller, Bjorn"]
[Result "1-0"]
[WhiteElo "2539"]
[BlackElo "2389"]
[PlyCount "85"]
[EventDate "2008.03.02"]
[EventCountry "ENG"]
[SourceDate "2007.09.15"]

1. d4 g6 2. e4 d6 3. Nc3 a6 4. Be3 Nd7 5. Qd2 Bg7 6. h4 h5 7. Nh3 b5 8. Ng5 Bb7
9. O-O-O Rc8 10. Kb1 e6 11. f3 Ngf6 12. Ne2 Qe7 13. g3 c5 14. Bh3 cxd4 15. Nxd4
Ne5 16. Qe2 d5 17. f4 Nc4 18. e5 Ne4 19. Nxe4 dxe4 20. Bc1 b4 21. Bg2 e3 22.
Bxb7 Qxb7 23. Bxe3 O-O 24. Bc1 Rfd8 25. Nb3 a5 26. Rxd8+ Rxd8 27. Rd1 Rc8 28.
Nd2 Nb6 29. Ne4 Qc6 30. Nd6 Rc7 31. Nb5 Rb7 32. Nd6 Rc7 33. Nb5 Rb7 34. Nd4 Qc7
35. g4 hxg4 36. Qxg4 Qc4 37. h5 Rd7 38. b3 Qc5 39. Bb2 gxh5 40. Qxh5 Nd5 41.
Nxe6 Qb6 42. Nxg7 Nxf4 43. e6 1-0

[Event "4NCL/Div1/GUI1 vs. WGR"]
[Site "Wokefield Park ENG"]
[Date "2008.03.02"]
[Round "8.5"]
[White "Howell, David W L"]
[Black "Sowray, Peter J"]
[Result "1-0"]
[WhiteElo "2528"]
[BlackElo "2346"]
[PlyCount "71"]
[EventDate "2008.03.02"]
[EventCountry "ENG"]
[SourceDate "2007.09.15"]

1. e4 e5 2. Nf3 Nc6 3. Bc4 Bc5 4. c3 Nf6 5. d3 a6 6. Bb3 Ba7 7. O-O d6 8. Nbd2
O-O 9. h3 Be6 10. Bc2 d5 11. Ng5 Bc8 12. Re1 h6 13. Ngf3 dxe4 14. dxe4 Nh5 15.
Nc4 Qf6 16. Ne3 Bxe3 17. Bxe3 Nf4 18. Kh2 Rd8 19. Nd2 Nd3 20. Rf1 Be6 21. Qe2
Nf4 22. Qf3 Rd6 23. g3 Nxh3 24. Qxf6 gxf6 25. f4 Bg4 26. Kg2 Kh8 27. Rh1 exf4
28. gxf4 Rg8 29. Rxh3 Bd1+ 30. Kf2 Bxc2 31. Rc1 Bd3 32. Bc5 Rdd8 33. Rxh6+ Kg7
34. Rh3 f5 35. e5 f6 36. e6 1-0

[Event "4NCL/Div1/GUI1 vs. WGR"]
[Site "Wokefield Park ENG"]
[Date "2008.03.02"]
[Round "8.6"]
[White "Pein, Malcolm"]
[Black "Kosten, Anthony C"]
[Result "0-1"]
[WhiteElo "2395"]
[BlackElo "2511"]
[PlyCount "96"]
[EventDate "2008.03.02"]
[EventCountry "ENG"]
[SourceDate "2007.09.15"]

1. d4 Nf6 2. c4 e6 3. Nf3 Bb4+ 4. Bd2 a5 5. Nc3 O-O 6. Qc2 d6 7. Bg5 Nbd7 8. e3
e5 9. dxe5 dxe5 10. O-O-O Bxc3 11. Qxc3 Qe7 12. Be2 Re8 13. Nd2 a4 14. f3 Nc5
15. Nb1 Bf5 16. Na3 Bg6 17. h4 h6 18. Bxf6 Qxf6 19. g4 Rad8 20. h5 Bh7 21. Rd5
c6 22. Rxd8 Rxd8 23. Rd1 Rxd1+ 24. Kxd1 Qd6+ 25. Qd2 Qxd2+ 26. Kxd2 f5 27. gxf5
Bxf5 28. e4 Bd7 29. Ke3 Kf7 30. f4 Kf6 31. Bf1 Bg4 32. f5 Bxh5 33. Nb1 g6 34.
fxg6 Bxg6 35. Nd2 Bf7 36. b4 axb3 37. axb3 b6 38. b4 Nb7 39. c5 bxc5 40. Ba6
Nd8 41. bxc5 h5 42. Nf3 Bb3 43. Be2 Bf7 44. Ba6 Be6 45. Kf2 Bg4 46. Nh4 Bd7 47.
Be2 Be8 48. Nf3 Nb7 0-1

[Event "4NCL/Div1/GUI1 vs. WGR"]
[Site "Wokefield Park ENG"]
[Date "2008.03.02"]
[Round "8.8"]
[White "Cumming, Rhys"]
[Black "Lalic, Susan"]
[Result "0-1"]
[WhiteElo "1845"]
[BlackElo "2334"]
[PlyCount "100"]
[EventDate "2008.03.02"]
[EventCountry "ENG"]
[SourceDate "2007.09.15"]

1. e4 c5 2. c3 e6 3. d4 d5 4. e5 Nc6 5. Nf3 Bd7 6. Be2 Nge7 7. Na3 cxd4 8. cxd4
Nf5 9. Nc2 Qb6 10. O-O Na5 11. b3 Bb5 12. g4 Ne7 13. Ba3 Ng6 14. Bxf8 Nxf8 15.
Rc1 Ng6 16. Bxb5+ Qxb5 17. Qd2 Nc6 18. h4 h5 19. g5 O-O 20. Nce1 Qb4 21. Qxb4
Nxb4 22. a3 Nf4 23. Rc7 Nc6 24. Rxb7 Rfb8 25. Rxb8+ Rxb8 26. b4 Ne2+ 27. Kg2
Ncxd4 28. Nxd4 Nxd4 29. f4 Rc8 30. Rf2 Nf5 31. Nf3 Kh7 32. b5 Rc4 33. Ra2 Rxf4
34. a4 Rb4 35. Ra3 Kg6 36. Kf2 Rb2+ 37. Kg1 Rb1+ 38. Kf2 Rb4 39. Kg2 Nxh4+ 40.
Nxh4+ Rxh4 41. a5 Rc4 42. Rb3 Rc8 43. Kf3 Kxg5 44. Rb4 Rc3+ 45. Ke2 Kf5 46. b6
axb6 47. axb6 Rc8 48. Ke3 Kxe5 49. Kf3 Kd6 50. Rf4 f5 0-1

[Event "4NCL/Div1/HKF1 vs. SLOS1"]
[Site "Wokefield Park ENG"]
[Date "2008.03.02"]
[Round "8.2"]
[White "Rendle, Thomas E"]
[Black "Greet, Andrew N"]
[Result "1/2-1/2"]
[WhiteElo "2393"]
[BlackElo "2444"]
[PlyCount "89"]
[EventDate "2008.03.02"]
[EventCountry "ENG"]
[SourceDate "2007.09.15"]

1. e4 e5 2. Nf3 Nc6 3. Bb5 a6 4. Ba4 Nf6 5. O-O Be7 6. Bxc6 dxc6 7. d3 Nd7 8.
b3 O-O 9. Bb2 Bd6 10. Nbd2 Qe7 11. Nc4 b5 12. Ne3 g6 13. d4 exd4 14. Qxd4 f6
15. Ng4 Bb7 16. e5 fxe5 17. Nfxe5 Nxe5 18. Nxe5 Bxe5 19. Qxe5 Qxe5 20. Bxe5 Rf7
21. Rad1 Re8 22. f4 Bc8 23. Rd4 Rd7 24. Rxd7 Bxd7 25. Rd1 Bf5 26. Kf2 Kf7 27.
c3 Re7 28. Rd8 Re8 29. Rd2 Re7 30. Rd8 Re8 31. Rd2 Re7 32. h3 h5 33. Kf3 Rd7
34. Rxd7+ Bxd7 35. Ke4 c5 36. Kd5 c4 37. b4 Bf5 38. Bxc7 Bd3 39. g4 hxg4 40.
hxg4 Be2 41. g5 Bd1 42. Ke5 Bc2 43. Kd6 Bd1 44. Kc5 Ke6 45. Kb6 1/2-1/2

[Event "4NCL/Div1/HKF1 vs. SLOS1"]
[Site "Wokefield Park ENG"]
[Date "2008.03.02"]
[Round "8.3"]
[White "Hanley, Craig A"]
[Black "Jessel, Stephen"]
[Result "0-1"]
[WhiteElo "2434"]
[BlackElo "2309"]
[PlyCount "78"]
[EventDate "2008.03.02"]
[EventCountry "ENG"]
[SourceDate "2007.09.15"]

1. e4 e6 2. d4 d5 3. Nd2 Nf6 4. e5 Nfd7 5. Bd3 c5 6. c3 Nc6 7. Ngf3 g6 8. h4 h6
9. a3 Qb6 10. Qa4 Ndb8 11. b4 Bd7 12. bxc5 Qc7 13. Qc2 Bg7 14. O-O Ne7 15. Re1
Nbc6 16. Nf1 O-O-O 17. Bf4 Na5 18. Ne3 Nf5 19. Bxf5 gxf5 20. g3 Bb5 21. Nd2 Qc6
22. a4 Ba6 23. Rab1 Kb8 24. Rb2 Ka8 25. Reb1 Rb8 26. Rb5 b6 27. Kh2 Rhc8 28.
Qb2 Rb7 29. c4 Nxc4 30. Ndxc4 dxc4 31. Nxc4 bxc5 32. Nd6 Bxb5 33. axb5 Qd7 34.
Nxc8 Qxc8 35. dxc5 Qxc5 36. Rc1 Rxb5 37. Qe2 Qd5 38. Rc8+ Rb8 39. Rc1 Bf8 {time
} 0-1

[Event "4NCL/Div1/HKF1 vs. SLOS1"]
[Site "Wokefield Park ENG"]
[Date "2008.03.02"]
[Round "8.4"]
[White "Martyn, Rafe"]
[Black "Therrien, Alex"]
[Result "1-0"]
[WhiteElo "2296"]
[BlackElo "2240"]
[PlyCount "63"]
[EventDate "2008.03.02"]
[EventCountry "ENG"]
[SourceDate "2007.09.15"]

1. e4 c5 2. Nf3 Nc6 3. Bb5 Nf6 4. e5 Nd5 5. Nc3 Nc7 6. O-O Nd4 7. Bc4 b5 8.
Nxd4 bxc4 9. Nf5 Ba6 10. Qg4 Ne6 11. Re1 g6 12. Ne3 Nd4 13. Ne2 Qb6 14. Nf4 h5
15. Qg3 Bh6 16. Nfd5 Qd8 17. b3 cxb3 18. axb3 Bb7 19. Bb2 Bxd5 20. Nxd5 Ne6 21.
d3 O-O 22. f4 Ng7 23. Qf2 Nf5 24. Qxc5 Rc8 25. Qf2 d6 26. Rxa7 dxe5 27. c4 exf4
28. Rexe7 Nxe7 29. Qd4 f6 30. Rxe7 Rf7 31. Nxf6+ Rxf6 32. Qxf6 1-0

[Event "4NCL/Div1/HKF1 vs. SLOS1"]
[Site "Wokefield Park ENG"]
[Date "2008.03.02"]
[Round "8.6"]
[White "Muter, Donny"]
[Black "Lindner, Daniel"]
[Result "0-1"]
[WhiteElo "2232"]
[BlackElo "2237"]
[PlyCount "90"]
[EventDate "2008.03.02"]
[EventCountry "ENG"]
[SourceDate "2007.09.15"]

1. d4 Nf6 2. Nf3 e6 3. Bg5 h6 4. Bh4 d6 5. Nbd2 g5 6. Bg3 Nh5 7. e4 Bg7 8. c3
Nd7 9. Bd3 O-O 10. Ng1 Nxg3 11. hxg3 c5 12. Ne2 Rb8 13. a4 cxd4 14. cxd4 e5 15.
d5 Nc5 16. Bc2 a5 17. Nc3 f5 18. exf5 Bxf5 19. Bxf5 Rxf5 20. Nde4 Qb6 21. O-O
Rbf8 22. Nxc5 Qxc5 23. Ne4 Qb4 24. Qe1 Qxb2 25. Nxd6 R5f6 26. Ne4 Ra6 27. d6
Rf7 28. Rd1 Ra8 29. Rd5 b6 30. Qb1 Qa3 31. Qb5 Bf8 32. Rd3 Qb4 33. Qxe5 Bg7 34.
Qe6 Qxa4 35. d7 Rd8 36. Rfd1 Bf8 37. Nc3 Qb4 38. Nd5 Qa4 39. Rf3 Qxd1+ 40. Kh2
Rdxd7 41. Nf6+ Kg7 42. Ne8+ Kh8 43. Qe5+ Kg8 44. Nf6+ Rxf6 45. Qxf6 Qd6 0-1

[Event "4NCL/Div1/HKF1 vs. SLOS1"]
[Site "Wokefield Park ENG"]
[Date "2008.03.02"]
[Round "8.8"]
[White "de Coverly, Roger"]
[Black "Parmar, Amisha"]
[Result "1/2-1/2"]
[WhiteElo "2092"]
[BlackElo "1995"]
[PlyCount "80"]
[EventDate "2008.03.02"]
[EventCountry "ENG"]
[SourceDate "2007.09.15"]

1. Nf3 Nf6 2. g3 g6 3. Bg2 Bg7 4. c4 O-O 5. Nc3 d6 6. d4 Nbd7 7. O-O e5 8. h3
a6 9. dxe5 Nxe5 10. Nxe5 dxe5 11. Qxd8 Rxd8 12. Bg5 Re8 13. Rad1 h6 14. Bc1 c6
15. b3 Bf5 16. e4 Be6 17. f4 exf4 18. e5 f3 19. exf6 fxg2 20. Kxg2 Bf8 21. Bf4
h5 22. Bd6 Rad8 23. c5 Bf5 24. Rfe1 Rxe1 25. Rxe1 Bxd6 26. cxd6 Rxd6 27. Re8+
Kh7 28. Ne4 Bxe4+ 29. Rxe4 Rxf6 30. Re7 b6 31. b4 Kg7 32. Ra7 c5 33. Rxa6 cxb4
34. Ra4 Rc6 35. Rxb4 Rc2+ 36. Kf3 Rxa2 37. Rxb6 Ra3+ 38. Kg2 Ra2+ 39. Kf3 Ra3+
40. Kg2 Ra2+ 1/2-1/2

[Event "4NCL/Div1/GUI2 vs. NWE1"]
[Site "Wokefield Park ENG"]
[Date "2008.03.02"]
[Round "8.1"]
[White "Cherniaev, Alexander"]
[Black "Macak, Stefan"]
[Result "1/2-1/2"]
[WhiteElo "2491"]
[BlackElo "2361"]
[PlyCount "67"]
[EventDate "2008.03.02"]
[EventCountry "ENG"]
[SourceDate "2007.09.15"]

1. e4 e6 2. d3 d5 3. Qe2 Nf6 4. Nf3 Be7 5. e5 Nfd7 6. g3 c5 7. Bg2 Nc6 8. h4
Qc7 9. Bf4 b5 10. c3 a5 11. O-O Ba6 12. Re1 h6 13. h5 Nb6 14. Nbd2 c4 15. Nd4
Nxd4 16. cxd4 cxd3 17. Qg4 Kf8 18. Rac1 Qd7 19. b3 Rc8 20. Bf1 b4 21. Nb1 Bd8
22. Qf3 Rxc1 23. Rxc1 Nc8 24. Bxd3 Qb7 25. Qe2 Bxd3 26. Qxd3 Na7 27. Nd2 Qb5
28. Qc2 Bb6 29. Nf3 Ke7 30. Kg2 Kd7 31. Be3 Nc6 32. Rh1 Ne7 33. Nh4 Nc6 34. Rd1
1/2-1/2

[Event "4NCL/Div1/GUI2 vs. NWE1"]
[Site "Wokefield Park ENG"]
[Date "2008.03.02"]
[Round "8.2"]
[White "Morrison, Graham"]
[Black "Shaw, John K"]
[Result "1/2-1/2"]
[WhiteElo "2319"]
[BlackElo "2458"]
[PlyCount "69"]
[EventDate "2008.03.02"]
[EventCountry "ENG"]
[SourceDate "2007.09.15"]

1. d4 d5 2. c4 c6 3. Nf3 Nf6 4. e3 Bf5 5. Nc3 e6 6. Nh4 Bg6 7. Nxg6 hxg6 8. a3
Nbd7 9. g3 Be7 10. f4 Nh5 11. Rg1 f5 12. Qb3 Qb6 13. Qc2 Nhf6 14. b4 a6 15. c5
Qd8 16. h3 Ne4 17. Nxe4 fxe4 18. Bd2 Nf6 19. a4 Kf7 20. a5 Ke8 21. O-O-O Kd7
22. Be1 Qg8 23. g4 Rf8 24. g5 Ne8 25. h4 Nc7 26. Bh3 Qf7 27. Bg4 Qe8 28. Bg3
Rh7 29. Rh1 Rfh8 30. Rh3 Nb5 31. Kb2 Bd8 32. Rdh1 Bc7 33. R1h2 Qf7 34. Qd1 Rh5
35. Bxh5 1/2-1/2

[Event "4NCL/Div1/GUI2 vs. NWE1"]
[Site "Wokefield Park ENG"]
[Date "2008.03.02"]
[Round "8.3"]
[White "Cornette, Matthieu"]
[Black "Lyell, Mark"]
[Result "1-0"]
[WhiteElo "2491"]
[BlackElo "2221"]
[PlyCount "69"]
[EventDate "2008.03.02"]
[EventCountry "ENG"]
[SourceDate "2007.09.15"]

1. e4 e5 2. Nf3 Nc6 3. Bc4 Nf6 4. d3 d5 5. exd5 Nxd5 6. O-O Bg4 7. h3 Bh5 8.
Re1 Be7 9. g4 Bg6 10. Nxe5 Nxe5 11. Rxe5 Nb6 12. Bb3 O-O 13. Nc3 Kh8 14. Be3
Bd6 15. Ra5 Nd7 16. Ne4 Be7 17. f4 c6 18. Ra4 f5 19. gxf5 Bxf5 20. Qh5 Qc7 21.
Ng5 Bxg5 22. Qxg5 Rae8 23. Bd4 Nb6 24. Ra5 Qd7 25. Be5 Bxh3 26. Kh2 Be6 27. Rg1
Rf7 28. Rxa7 Bxb3 29. axb3 Nd5 30. Rg3 Nf6 31. Ra1 h5 32. Kg1 Rxe5 33. fxe5
Qd4+ 34. Kh1 Qd5+ 35. Rg2 1-0

[Event "4NCL/Div1/GUI2 vs. NWE1"]
[Site "Wokefield Park ENG"]
[Date "2008.03.02"]
[Round "8.4"]
[White "Coates, Kenneth G"]
[Black "Tissir, Mohamed"]
[Result "0-1"]
[WhiteElo "2242"]
[BlackElo "2444"]
[PlyCount "68"]
[EventDate "2008.03.02"]
[EventCountry "ENG"]
[SourceDate "2007.09.15"]

1. e4 c5 2. c3 d5 3. exd5 Qxd5 4. d4 g6 5. Nf3 Bg7 6. Na3 cxd4 7. Nb5 Na6 8.
Nbxd4 Nf6 9. Bb5+ Nd7 10. O-O O-O 11. Qe2 e5 12. Bc4 Qc5 13. Nb3 Qc7 14. Be3
Nb6 15. Bxb6 axb6 16. Rad1 Bg4 17. Bd5 Rad8 18. h3 Bf5 19. Rfe1 Rde8 20. Ng5 h6
21. Ne4 Rd8 22. Qf3 Kh8 23. Rd2 Bc8 24. c4 f5 25. Nc3 e4 26. Qe3 Nc5 27. Nb5
Qe7 28. Nxc5 bxc5 29. f3 g5 30. fxe4 f4 31. Qf3 Be5 32. Qh5 Qg7 33. Na7 Bd7 34.
Bxb7 Be8 0-1

[Event "4NCL/Div1/GUI2 vs. NWE1"]
[Site "Wokefield Park ENG"]
[Date "2008.03.02"]
[Round "8.5"]
[White "Buckley, Graeme"]
[Black "Redmond, John"]
[Result "1-0"]
[WhiteElo "2392"]
[BlackElo "2210"]
[PlyCount "121"]
[EventDate "2008.03.02"]
[EventCountry "ENG"]
[SourceDate "2007.09.15"]

1. d4 e6 2. e4 d5 3. e5 Bd7 4. c3 a6 5. Bd3 Bb5 6. Bc2 a5 7. Ne2 Ne7 8. Nd2 c5
9. Nf3 Nbc6 10. h4 Qc7 11. h5 cxd4 12. Nexd4 Nxd4 13. Qxd4 Nc6 14. Qe3 Nb4 15.
Bb1 Bc5 16. Nd4 Bxd4 17. Qxd4 Nc6 18. Qc5 Qxe5+ 19. Be3 Ba6 20. Bc2 Qc7 21. Ba4
b5 22. Bxb5 Bxb5 23. Qxb5 O-O 24. O-O Rab8 25. Qe2 e5 26. Rad1 Ne7 27. f4 f6
28. fxe5 fxe5 29. Qg4 Qd6 30. Bg5 Nc6 31. Rxf8+ Rxf8 32. Qc4 Nd4 33. Qd3 Rf5
34. Bd2 Rxh5 35. Rf1 Ne6 36. Qb5 Qc5+ 37. Qxc5 Nxc5 38. c4 d4 39. Bxa5 Nd3 40.
b4 e4 41. Bb6 Nxb4 42. Bxd4 Nc6 43. Bb6 Re5 44. Kf2 Re6 45. Rb1 Ne5 46. c5 Kf7
47. a4 Ke7 48. a5 Kd7 49. a6 Kc6 50. Ke3 Ng4+ 51. Ke2 Ne5 52. Bd8 Kxc5 53. a7
Ra6 54. Rb8 Ra2+ 55. Kf1 Ra1+ 56. Ke2 Ra2+ 57. Kd1 e3 58. Bb6+ Kc4 59. Rc8+ Kd3
60. a8=Q e2+ 61. Ke1 1-0

[Event "4NCL/Div1/GUI2 vs. NWE1"]
[Site "Wokefield Park ENG"]
[Date "2008.03.02"]
[Round "8.6"]
[White "Hulmes, David I"]
[Black "Muir, Andrew J"]
[Result "0-1"]
[WhiteElo "2220"]
[BlackElo "2358"]
[PlyCount "64"]
[EventDate "2008.03.02"]
[EventCountry "ENG"]
[SourceDate "2007.09.15"]

1. e4 c5 2. Nf3 Nc6 3. d4 cxd4 4. Nxd4 Nf6 5. Nc3 d6 6. Bc4 Qb6 7. Nb3 e6 8.
O-O Be7 9. Be3 Qc7 10. f4 a6 11. a4 O-O 12. Be2 b6 13. Bf3 Rb8 14. Qe2 Na5 15.
Nd2 Bb7 16. g4 d5 17. exd5 Nxd5 18. Nxd5 Bxd5 19. Bxd5 exd5 20. c3 Bc5 21. Bxc5
bxc5 22. Rab1 Rfe8 23. Qf3 Qd7 24. b3 d4 25. cxd4 Qxd4+ 26. Qf2 Re3 27. Rfe1
Rbe8 28. Rxe3 Rxe3 29. Rc1 g5 30. Nf1 Nxb3 31. Nxe3 Nxc1 32. Qf3 gxf4 0-1

[Event "4NCL/Div1/GUI2 vs. NWE1"]
[Site "Wokefield Park ENG"]
[Date "2008.03.02"]
[Round "8.8"]
[White "Morrison, Lynne"]
[Black "Sandu, Mihaela"]
[Result "0-1"]
[WhiteElo "1929"]
[BlackElo "2313"]
[PlyCount "48"]
[EventDate "2008.03.02"]
[EventCountry "ENG"]
[SourceDate "2007.09.15"]

1. d4 Nf6 2. Nf3 g6 3. Bg5 Bg7 4. c3 O-O 5. Nbd2 d6 6. e4 c5 7. Bc4 cxd4 8.
Nxd4 Nc6 9. N4f3 a6 10. a4 Bd7 11. O-O Qc7 12. Re1 Rab8 13. Nf1 b5 14. axb5
axb5 15. Bd3 b4 16. c4 Bg4 17. h3 Bxf3 18. Qxf3 Nd7 19. Qe2 Nc5 20. Rab1 Ne5
21. b3 Nexd3 22. Red1 Ne5 23. f3 Nc6 24. Ne3 Nd4 0-1

[Event "4NCL/Div1/AD vs. BAR2"]
[Site "Wokefield Park ENG"]
[Date "2008.03.02"]
[Round "8.2"]
[White "Lewis, Andrew P"]
[Black "Davies, Nigel R"]
[Result "0-1"]
[WhiteElo "2292"]
[BlackElo "2480"]
[PlyCount "84"]
[EventDate "2008.03.02"]
[EventCountry "ENG"]
[SourceDate "2007.09.15"]

1. c4 e5 2. Nc3 d6 3. d4 exd4 4. Qxd4 Nf6 5. Bg5 Be7 6. Nf3 Nc6 7. Qd2 Be6 8.
e3 Ne5 9. Nxe5 dxe5 10. O-O-O Qxd2+ 11. Rxd2 Bb4 12. Bxf6 gxf6 13. Kc2 c6 14.
a3 Be7 15. Be2 f5 16. f4 Bc5 17. Nd1 f6 18. b4 Be7 19. Nb2 a5 20. c5 axb4 21.
axb4 Ra2 22. Rb1 Kf7 23. Kc1 Rd8 24. Rxd8 Bxd8 25. Bd3 Ke7 26. Bc2 Bd5 27. g3
Ke6 28. Nd3 b6 29. Rb2 e4 30. Rxa2 Bxa2 31. Nf2 bxc5 32. g4 fxg4 33. Bxe4 f5
34. Bxc6 cxb4 35. e4 h5 36. Bb7 fxe4 37. Bxe4 Kf6 38. Nd3 Be7 39. Kd2 Be6 40.
Ke3 Bd6 41. Bh7 Bf5 42. Bg8 h4 0-1

[Event "4NCL/Div1/AD vs. BAR2"]
[Site "Wokefield Park ENG"]
[Date "2008.03.02"]
[Round "8.3"]
[White "Mestel, A Jonathan"]
[Black "Rogers, Jonathan W"]
[Result "1-0"]
[WhiteElo "2470"]
[BlackElo "2347"]
[PlyCount "94"]
[EventDate "2008.03.02"]
[EventCountry "ENG"]
[SourceDate "2007.09.15"]

1. c4 e5 2. Nc3 Nf6 3. g3 c6 4. d4 exd4 5. Qxd4 d5 6. Nf3 dxc4 7. Qxc4 Be6 8.
Qa4 b5 9. Qc2 Na6 10. Bg2 Nb4 11. Qb1 Bc5 12. Ng5 O-O 13. O-O Nbd5 14. Nce4 Bf5
15. Qc2 Bb6 16. Qxc6 Rc8 17. Qxb5 Nxe4 18. Nxe4 Re8 19. Bg5 f6 20. Qxd5+ Qxd5
21. Nxf6+ gxf6 22. Bxd5+ Kg7 23. Be3 Bh3 24. Rfd1 Bxe3 25. fxe3 Rc2 26. Kf2
Rxb2 27. Rab1 Reb8 28. Bb3 Rxb1 29. Rxb1 Be6 30. Rc1 Bxb3 31. axb3 Rxb3 32.
Rc7+ Kg6 33. Rxa7 Rb4 34. Rd7 Rc4 35. Kf3 Rc1 36. Rd5 Rh1 37. h4 Rb1 38. e4
Rb3+ 39. Rd3 Rb5 40. Rd6 Re5 41. Rd5 Re6 42. Kf4 h5 43. e5 fxe5+ 44. Rxe5 Rf6+
45. Ke4 Rf2 46. Rg5+ Kh6 47. e3 Rf4+ 1-0

[Event "4NCL/Div1/AD vs. BAR2"]
[Site "Wokefield Park ENG"]
[Date "2008.03.02"]
[Round "8.5"]
[White "Snape, Ian"]
[Black "Taylor, Peter"]
[Result "1-0"]
[WhiteElo "2213"]
[BlackElo "2246"]
[PlyCount "71"]
[EventDate "2008.03.02"]
[EventCountry "ENG"]
[SourceDate "2007.09.15"]

1. e4 c6 2. d4 d5 3. f3 g6 4. Nc3 Bg7 5. Be3 Qb6 6. Qd2 Qxb2 7. Rb1 Qa3 8. Bd3
Na6 9. Rb3 Qa5 10. Nge2 Nb4 11. O-O Nxd3 12. Qxd3 dxe4 13. fxe4 Nf6 14. Qd2 O-O
15. Bh6 Bxh6 16. Qxh6 Qh5 17. Qf4 b6 18. Ng3 Qg4 19. Qe3 Qd7 20. h3 Ba6 21. Rf4
Rad8 22. e5 Nd5 23. Nxd5 cxd5 24. Rh4 e6 25. Qg5 f6 26. exf6 Qf7 27. Rf4 Rc8
28. Ra3 Bb5 29. c3 Bc4 30. h4 Kh8 31. Nh1 h5 32. Qh6+ Kg8 33. Rxa7 Qxa7 34.
Qxg6+ Kh8 35. f7 Bd3 36. Qh6+ 1-0

[Event "4NCL/Div1/AD vs. BAR2"]
[Site "Wokefield Park ENG"]
[Date "2008.03.02"]
[Round "8.6"]
[White "Twyble, Michael S"]
[Black "Graham, David B"]
[Result "1-0"]
[WhiteElo "2267"]
[BlackElo "2216"]
[PlyCount "77"]
[EventDate "2008.03.02"]
[EventCountry "ENG"]
[SourceDate "2007.09.15"]

1. d4 Nf6 2. c4 g6 3. Nc3 Bg7 4. e4 d6 5. Nf3 O-O 6. Be2 e5 7. d5 Nbd7 8. Be3
Ng4 9. Bg5 f6 10. Bd2 f5 11. Ng5 Nc5 12. b4 fxe4 13. O-O e3 14. Bxg4 exd2 15.
Nxh7 Bxg4 16. Qxg4 Kxh7 17. bxc5 Rf4 18. Qe2 dxc5 19. Ne4 Rxe4 20. Qxe4 Qg5 21.
Rab1 Rb8 22. Qe3 Qxe3 23. fxe3 e4 24. Kf2 Bc3 25. Ke2 Kg7 26. Rf4 b6 27. Rxe4
Rf8 28. Re7+ Rf7 29. Rxf7+ Kxf7 30. Rb3 Bb4 31. Rd3 Ke7 32. e4 Kd6 33. Rg3 b5
34. Rxg6+ Ke5 35. Re6+ Kd4 36. cxb5 c4 37. Rc6 c3 38. h4 Bc5 39. h5 1-0

[Event "4NCL/Div1/AD vs. BAR2"]
[Site "Wokefield Park ENG"]
[Date "2008.03.02"]
[Round "8.7"]
[White "Anderton, David"]
[Black "Dorrington, Christopher"]
[Result "0-1"]
[WhiteElo "2251"]
[BlackElo "2248"]
[PlyCount "134"]
[EventDate "2008.03.02"]
[EventCountry "ENG"]
[SourceDate "2007.09.15"]

1. d4 Nf6 2. c4 e6 3. Nc3 Bb4 4. Qc2 c5 5. dxc5 O-O 6. a3 Bxc5 7. Nf3 a6 8. Bg5
Be7 9. Rd1 Qc7 10. e4 d6 11. Be2 Nbd7 12. O-O b6 13. Rfe1 Bb7 14. Bf1 Rfe8 15.
h3 Rac8 16. Qb1 Qb8 17. Bf4 Bf8 18. Rd2 e5 19. Bg5 Nh5 20. Nd5 h6 21. Be3 Nhf6
22. b4 Bc6 23. Rc1 b5 24. cxb5 axb5 25. Nh4 Qb7 26. Nxf6+ Nxf6 27. f3 Ra8 28.
Rdc2 Rec8 29. Qb2 g6 30. g4 Bg7 31. g5 hxg5 32. Bxg5 d5 33. Nxg6 fxg6 34. Qxe5
Bd7 35. Rxc8+ Rxc8 36. Rxc8+ Bxc8 37. Bxf6 Qb6+ 38. Kg2 Qxf6 39. Qxf6 Bxf6 40.
Bxb5 dxe4 41. fxe4 Kg7 42. Bc6 g5 43. a4 Be5 44. b5 Bc7 45. Bd5 Kf6 46. Bc4 Ke5
47. Bd5 Kd4 48. Bc6 Kc5 49. Be8 Kb6 50. Bg6 Ka5 51. Bf5 Bb7 52. Kf3 Kxa4 53.
Kg4 Bd8 54. b6 Kb5 55. Bd7+ Kxb6 56. e5 Kc7 57. e6 Kd6 58. Kf5 Bg2 59. Kg4 Ke5
60. Bc8 Be7 61. Bd7 Bb7 62. Kg3 Kf5 63. Kf2 Kf4 64. Be8 Bc5+ 65. Kf1 Kg3 66. e7
Bg2+ 67. Ke2 Bxh3 0-1

[Event "4NCL/Div1/AD vs. BAR2"]
[Site "Wokefield Park ENG"]
[Date "2008.03.02"]
[Round "8.8"]
[White "Bhatia, Kanwal K"]
[Black "Bellin, Jana"]
[Result "0-1"]
[WhiteElo "2054"]
[BlackElo "2170"]
[PlyCount "98"]
[EventDate "2008.03.02"]
[EventCountry "ENG"]
[SourceDate "2007.09.15"]

1. e4 c6 2. d4 g6 3. Nf3 d5 4. exd5 cxd5 5. c4 Nf6 6. cxd5 Bg7 7. Nc3 O-O 8.
Bc4 Nbd7 9. O-O Nb6 10. Bb3 Nbxd5 11. Re1 e6 12. Ne5 b6 13. Bg5 Nxc3 14. bxc3
Bb7 15. Ng4 h5 16. Ne5 Bd5 17. Ba4 Rc8 18. Nd7 Rxc3 19. Qd2 Rc4 20. Qf4 Rxd4
21. Qxd4 Nxd7 22. Qxg7+ Kxg7 23. Bxd8 Rxd8 24. Bxd7 Rxd7 25. a3 Kf6 26. Rac1
Ke7 27. Rc3 b5 28. f3 Bc4 29. Rec1 Rd2 30. R1c2 Rd1+ 31. Kf2 Ra1 32. Rc1 Ra2+
33. R1c2 Ra1 34. Rd2 a5 35. Ke3 a4 36. Rdc2 Bb3 37. Rc7+ Kf6 38. Rd2 Rxa3 39.
Kf4 Bd5 40. Rb2 g5+ 41. Kg3 Bc4 42. Rd2 Bd5 43. Rb2 Rb3 44. Rxb3 axb3 45. Rc1
Ke5 46. Rd1 Kd6 47. Kf2 Kc5 48. Ke3 Kb4 49. Kd2 b2 0-1

[Event "4NCL/Div1/BET vs. BAR1"]
[Site "Wokefield Park ENG"]
[Date "2008.03.02"]
[Round "8.1"]
[White "Hunt, Harriet"]
[Black "Parker, Jonathan"]
[Result "1/2-1/2"]
[WhiteElo "2457"]
[BlackElo "2535"]
[PlyCount "52"]
[EventDate "2008.03.02"]
[EventCountry "ENG"]
[SourceDate "2007.09.15"]

1. e4 e5 2. Nf3 Nc6 3. Bb5 g6 4. d4 exd4 5. Bg5 Be7 6. Bxe7 Qxe7 7. O-O Nf6 8.
Bxc6 dxc6 9. e5 Nh5 10. Qxd4 O-O 11. Nc3 f5 12. exf6 Qxf6 13. Rfe1 Bf5 14. Qxf6
Nxf6 15. Nd4 Bd7 16. f3 Rfe8 17. Kf2 Kf7 18. Rxe8 Bxe8 19. Ne4 Nxe4+ 20. fxe4
c5 21. Nf3 h6 22. Rd1 Ke6 23. Ke3 Bc6 24. Ne1 Re8 25. Nd3 Kf7 26. Nf2 b6
1/2-1/2